Fr. Conceicao Rodrigues College of Engineering

Forging handbook (Record no. 19467)

MARC details
000 -LEADER
fixed length control field 00287nam a2200133Ia 4500
082 ## - DEWEY DECIMAL CLASSIFICATION NUMBER
Classification number 671.332
Item number BYR
100 ## - MAIN ENTRY--PERSONAL NAME
Personal name Byrer/T.G
245 ## - TITLE STATEMENT
Title Forging handbook
260 ## - PUBLICATION, DISTRIBUTION, ETC.
Name of publisher, distributor, etc. American Society for metals
Place of publication, distribution, etc. Ohio
Date of publication, distribution, etc. 1985
300 ## - PHYSICAL DESCRIPTION
Extent 296
546 ## - LANGUAGE NOTE
Language note ENGLISH
654 ## - SUBJECT ADDED ENTRY--FACETED TOPICAL TERMS
Focus term forging
942 ## - ADDED ENTRY ELEMENTS (KOHA)
Koha item type Reference Book
Holdings
Withdrawn status Lost status Damaged status Not for loan Collection Home library Current library Date acquired Cost, normal purchase price Total Checkouts Full call number Barcode Date last seen Cost, replacement price Price effective from Koha item type
        CRC Fr. Agnel's C.Rodrigues College of Engineering Fr. Agnel's C.Rodrigues College of Engineering 17/03/2023 931.60   671.332 BYR 1271 17/03/2023 931.60 17/03/2023 Reference Book